000
00286nam a22001217a 4500
999
_c
167828
_d
167828
082
_a
M301
_b
KOV/M
100
_a
Kovilan
245
_a
Malayalathinte suvarnakathakal/
_c
by Kovilan.
260
_a
_b
_c
650
_a
Literature Malayalam
_v
Stories
650
_a
Literature
942
_c
BK